000 01085nam a2200289 a 4500
001 BRL_151
005 20190320210618.0
008 950320s1994####nyuab####b---#001-0#eng-#
020 _a0500277672
041 _aeng
044 _anyu
050 4 _aF1219.1.T27
_b.T46 1994
245 1 0 _aTeotihuacan
_bart from the city of the gods
_cedited by Kathleen Berrin and Esther Pasztory.
260 _aNew York
_bThames and Hudson
_c1994
300 _a288 p.
_bil. (algunas a color), mapas
_c28 cm.
500 _aIncluye índice alfabético
500 _aCatálogo de la exposición realizada en The Fine Arts Museums of San Francisco, M. H. de Young Memorial Museum, 26 mayo - 31 octubre, 1993
500 _aAu207
504 _aBibliografía : p. 279-284
650 1 4 _aArte indígena
_vExposiciones
_zMéxico
_92095
651 4 _aTeotihuacán, Sitio (San Juan Teotihuacán, México)
_vExposiciones
_923050
700 1 _aBerrin, Kathleen
_eed.
_923051
700 1 _aPasztory, Esther
_eed.
_923052
710 2 _aFine Arts Museums of San Francisco
_923053
902 _aGRL
942 _2lcc
_cB
999 _c8964
_d8964